| 000 | 00661nam a2200205Ia 4500 | ||
|---|---|---|---|
| 003 | GCL | ||
| 008 | 140319s9999 xx 000 0 ara d | ||
| 020 | _a2279201977 | ||
| 040 |
_aGCL / _cGCL |
||
| 082 | 0 | 4 |
_a813.03 _bى ث |
| 100 | 1 | _aيوسف عزالدين عيسى | |
| 245 | 1 | 0 |
_aثلاث وردات وشمعة / _cيوسف عزالدين عيسى |
| 250 | _aالاولى | ||
| 260 |
_aالقاهرة : _bالهيئة المصرية العامة للكتاب ، _c1991 |
||
| 300 |
_a108 ص ؛ _c21 سم |
||
| 650 | 0 | 4 | _aالادب العربى |
| 650 | 0 | 4 | _aالقصص العربية |
| 650 | 0 | 4 | _aالقصص العربية - مصر |
| 942 |
_2ddc _cBK |
||
| 999 |
_c4986 _d4986 |
||